书目信息 |
| 题名: |
“一带一路”与两岸
|
|
| 作者: | 刘澈元 , 罗婧 编著 | |
| 分册: | ||
| 出版信息: | 北京 九州出版社 2016 |
|
| 页数: | 279页 | |
| 开本: | 24cm | |
| 丛书名: | 书香中国学术文库 | |
| 单 册: | ||
| 中图分类: | F125.5 , F124 | |
| 科图分类: | ||
| 主题词: | 区域经济合作--qu yu jing ji he zuo--国际合作--研究--中国 , 海峡两岸--hai xia liang an--区域经济合作--研究 | |
| 电子资源: | ||
| ISBN: | 978-7-5108-4678-6 | |
| 000 | 01292nam0 22003011 450 | |
| 001 | 1730326671 | |
| 005 | 20170525101532.0 | |
| 010 | @a978-7-5108-4678-6@dCNY54.00 | |
| 100 | @a20170215d2016 em y0chiy50 ea | |
| 101 | 0 | @achi |
| 102 | @aCN@b110000 | |
| 105 | @ay z 000yy | |
| 106 | @ar | |
| 200 | 1 | @a“一带一路”与两岸@Ayi dai yi lu yu liang an@f刘澈元,罗婧编著 |
| 210 | @a北京@c九州出版社@d2016 | |
| 215 | @a279页@d24cm | |
| 225 | 2 | @a书香中国学术文库@Ashu xiang zhong guo xue shu wen ku |
| 300 | @a教育部2011计划“两岸关系和平发展协同创新研究中心”阶段性成果 广西人文社会发展研究中心“泛北部湾合作”团队、“珠江-西江经济带开放合作”优青团队建设阶段性成果 | |
| 330 | @a本书针对在两岸关系发展面临道路选择的重要节点,如何促进两岸共同参与“一带一路”进行研究,围绕“一带一路”建设对两岸关系的影响,台湾参与“一带一路”建设的路径和机制、两岸合作面向国际推动“一带一路”建设等议题进行了探讨。 | |
| 461 | 0 | @12001 @a书香中国学术文库 |
| 606 | 0 | @a区域经济合作@Aqu yu jing ji he zuo@x国际合作@x研究@y中国 |
| 606 | 0 | @a海峡两岸@Ahai xia liang an@x区域经济合作@x研究 |
| 690 | @aF125.5@v5 | |
| 690 | @aF124@v5 | |
| 701 | 0 | @a刘澈元@Aliu che yuan@4编著 |
| 701 | 0 | @c(回)@a罗婧@Aluo jing@c(女)@4编著 |
| 801 | 0 | @aCN@bTANG WEI@c20170523 |
| 905 | @b0969503-7@dF125.5@e283@f5 | |
| “一带一路”与两岸/刘澈元,罗婧编著.-北京:九州出版社,2016 |
| 279页;24cm.-(书香中国学术文库) |
| 教育部2011计划“两岸关系和平发展协同创新研究中心”阶段性成果 广西人文社会发展研究中心“泛北部湾合作”团队、“珠江-西江经济带开放合作”优青团队建设阶段性成果 |
| ISBN 978-7-5108-4678-6:CNY54.00 |
| 本书针对在两岸关系发展面临道路选择的重要节点,如何促进两岸共同参与“一带一路”进行研究,围绕“一带一路”建设对两岸关系的影响,台湾参与“一带一路”建设的路径和机制、两岸合作面向国际推动“一带一路”建设等议题进行了探讨。 |
| ● |
| 相关链接 |
|
|
|
|
正题名:"一带一路"与两岸
索取号:F125.5/283
 
预约/预借
| 序号 | 登录号 | 条形码 | 馆藏地/架位号 | 状态 | 备注 |
| 1 | 0969503 | 209695034 | 第一样本阅览室/ [索取号:F125.5/283] | 在馆 | |
| 2 | 0969504 | 209695043 | 第一借阅区/ [索取号:F125.5/283] | 在馆 | |
| 3 | 0969505 | 209695052 | 第一借阅区/ [索取号:F125.5/283] | 在馆 | |
| 4 | 0969506 | 209695061 | 第一借阅区/ [索取号:F125.5/283] | 在馆 | |
| 5 | 0969507 | 209695070 | 密集书库-海洋学院/ [索取号:F125.5/283] | 在馆 |